Iconic designs : 50 stories about 50 things.
| Other Authors: | |
|---|---|
| Format: | Book |
| Published: |
New York:
Bloomsbury Visual Arts,
2014.
|
| Subjects: |
| LEADER | 00418cam a2200145 7i4500 | ||
|---|---|---|---|
| 001 | 0000032522 | ||
| 005 | 20150909090000.0 | ||
| 020 | 0 | 0 | |a 9780857853523 |
| 090 | 0 | 0 | |a DE 745.4 |b ICO |
| 245 | 0 | 0 | |a Iconic designs : |b 50 stories about 50 things. |
| 260 | 0 | 0 | |a New York: |b Bloomsbury Visual Arts, |c 2014. |
| 300 | # | # | |a 240 pages. |
| 650 | 0 | 0 | |a Design |
| 700 | 1 | 0 | |a Lees-Maffei, Grace |
| 999 | |a B000036662 |b Book |c Book |e Business Information Centre | ||


